|
|
|
|
| LEADER |
00000nam0a2200000 4500 |
| 001 |
318389 |
| 005 |
20241112063152.0 |
| 010 |
|
|
|a 5340001628
|
| 035 |
|
|
|a (RuTPU)RU\TPU\book\343887
|
| 090 |
|
|
|a 318389
|
| 100 |
|
|
|a 20160426d1988 m y0rusy50 ca
|
| 101 |
0 |
|
|a rus
|
| 102 |
|
|
|a BY
|
| 105 |
|
|
|a a z 001ay
|
| 200 |
1 |
|
|a Белая гвардия. Мастер и Маргарита
|e романы
|f М. А. Булгаков
|g авт. предисл. В. Сахаров
|
| 210 |
|
|
|a Минск
|c Мастацкая лiтаратура
|d 1988
|
| 215 |
|
|
|a 670 с.
|c ил.
|
| 320 |
|
|
|a Вступительная статья: с. 3-16
|
| 600 |
|
1 |
|a Булгаков
|b М. А.
|c русский писатель
|f 1891-1940
|g Михаил Афанасьевич
|2 stltpush
|3 (RuTPU)RU\TPU\pers\984
|9 436
|
| 606 |
1 |
|
|a Русская литература современная
|2 stltpush
|3 (RuTPU)RU\TPU\subj\26373
|9 50316
|
| 610 |
1 |
|
|a художественная литература
|
| 610 |
1 |
|
|a романы
|
| 675 |
|
|
|a Р2
|v 4
|
| 700 |
|
1 |
|a Булгаков
|b М. А.
|c русский писатель
|f 1891-1940
|g Михаил Афанасьевич
|2 stltpush
|3 (RuTPU)RU\TPU\pers\984
|4 070
|9 436
|
| 702 |
|
1 |
|a Сахаров
|b В.
|4 080
|
| 801 |
|
1 |
|a RU
|b 63413507
|c 20160426
|
| 801 |
|
2 |
|a RU
|b 63413507
|c 20201225
|g RCR
|
| 942 |
|
|
|c BK
|